UNDERSTANDIG ELECTRONIC CIRCUITS (Record no. 585610)
[ view plain ]
| 000 -LEADER | |
|---|---|
| fixed length control field | 00256nam a22001097a 4500 |
| 082 ## - DEWEY DECIMAL CLASSIFICATION NUMBER | |
| Classification number | 621.3815 WAT'U |
| 100 ## - MAIN ENTRY--PERSONAL NAME | |
| Personal name | WATERS, F. J |
| 9 (RLIN) | 80116 |
| 245 ## - TITLE STATEMENT | |
| Title | UNDERSTANDIG ELECTRONIC CIRCUITS |
| 260 ## - PUBLICATION, DISTRIBUTION, ETC. | |
| Place of publication, distribution, etc. | ENGLAND |
| Name of publisher, distributor, etc. | W. FOULSHAN |
| Date of publication, distribution, etc. | 1965 |
| 300 ## - PHYSICAL DESCRIPTION | |
| Extent | 160P |
| 942 ## - ADDED ENTRY ELEMENTS (KOHA) | |
| Koha item type | Book |
| Withdrawn status | Lost status | Damaged status | Not for loan | Permanent Location | Current Location | Shelving location | Date acquired | Total Checkouts | Full call number | Barcode | Date last seen | Price effective from | Koha item type |
|---|---|---|---|---|---|---|---|---|---|---|---|---|---|
| College of Electrical & Mechanical Engineering (CEME) | College of Electrical & Mechanical Engineering (CEME) | General Stacks | 07/10/2017 | 621.3815 WAT'U | CEME-4800 | 06/28/2021 | 06/28/2021 | Book |
